Statistiques concernant Les voitures de GTA San Andreas

Cliquez ici pour prendre le quiz!

Statistiques générales

  • Ce quiz a été pris 141 fois
  • Le résultat moyen est 9 sur 80

Statistiques - réponses

Réponse% Correct
Banshee
38%
Cheetah
36%
Infernus
33%
Sultan
28%
Turismo
26%
Comet
24%
Greenwood
23%
Buffalo
22%
Bullet
19%
Sabre
19%
Taxi
19%
Sentinel
18%
Super GT
18%
Admiral
17%
Elegy
16%
Perennial
16%
Landstalker
15%
Rancher
15%
Blista Compact
14%
Jester
14%
Premier
14%
Savanna
14%
Alpha
13%
Euros
13%
Washington
13%
Blade
12%
Cabbie
12%
Huntley
12%
Manana
12%
Uranus
12%
Feltzer
11%
Glendale
11%
Primo
11%
Stretch
11%
Voodoo
11%
Clover
10%
Esperanto
10%
Hotknife
10%
Ranger
10%
Stallion
10%
Tahoma
10%
Club
9%
Flash
9%
Hermes
9%
Mesa
9%
Phoenix
9%
Remington
9%
Virgo
9%
Bravura
8%
Cadrona
8%
Elegant
8%
Emperor
8%
Oceanic
8%
ZR-350
8%
Broadway
7%
Majestic
7%
Nebula
7%
Regina
7%
Slamvan
7%
Stratum
7%
Tornado
7%
Buccaneer
6%
Fortune
6%
Hotring Racer
6%
Merit
6%
Picador
6%
Sandking
6%
Stafford
6%
Tampa
6%
Hustler
5%
Intruder
5%
Vincent
5%
Willard
5%
Bloodring Banger
4%
Romero
4%
Solair
4%
Sunrise
4%
Previon
3%
Windsor
3%
Baggage Handler
2%

Distribution des résultats

Percentile par nombre de réponses

% des personnes avec chaque résultat

Votre développement - résultats

Vous n’avez pas pris ce quiz